000 01316nam a22003497a 4500
001 13479334
003 OSt
005 20210423062101.0
008 040204s2004 nyu b 001 0 eng
010 _a 2004268661
020 _a0385721862 (pbk.)
040 _aDLC
_cDLC
_dDLC
050 0 0 _aHF1359
_b.C524 2004
080 _a32
_bC-57
082 0 4 _a303.6
_221
100 1 _aChua, Amy.
245 1 0 _aWorld on fire :
_bhow exporting free market democracy breeds ethnic hatred and global instability /
_cAmy Chua.
250 _a1st Anchor Books ed.
260 _aNew York :
_bAnchor Books,
_c2004.
300 _aix, 346 p. ;
_c21 cm.
504 _aIncludes bibliographical references and index.
650 0 _aInternational economic relations.
650 0 _aGlobalization.
650 0 _aEthnic conflict.
653 _aპოლიტიკა
856 4 2 _3Contributor biographical information
_uhttp://www.loc.gov/catdir/bios/random056/2004268661.html
856 4 1 _3Sample text
_uhttp://www.loc.gov/catdir/samples/random051/2004268661.html
856 4 2 _3Publisher description
_uhttp://www.loc.gov/catdir/description/random052/2004268661.html
906 _a7
_bcbc
_corigcop
_d3
_encip
_f20
_gy-gencatlg
942 _2udc
_cBK
999 _c1582
_d1582